000 00583nam a22001817a 4500
005 20241122143237.0
008 241122b |||||||| |||| 00| 0 eng d
020 _a9780130116826
050 _aHD58.7
_b.N34 NAH
100 _aNahavandi Afsaneh
245 _aOrganizational Behavior:
_bThe person-organization fit/
_cAfsaneh Nahavandi & Ali R. Malekzadeh
260 _aNew Jersey
_bPrentice-Hall Inc.
_c1999
300 _axxix. 609p.:
_bill. col.:
_c26 cm x 21 cm
500 _aIncludes Index
650 _2Organizational Behavior
700 _aMalekzadeh Ali R.
942 _2lcc
_cBK
_n0
999 _c1445
_d1445